Associez ces femmes historiques à leur pays - Statistiques

Statistiques générales
  • Ce quiz a été pris 56 fois
  • Le résultat moyen est 9 sur 20
Statistiques - réponses
Noms Activité Dates Pays % Correct
Frida Kahlo Peintre 1907-1954 Mexique
98%
George Sand Romancière 1804-1876 France
85%
Shing Shi Pirate ~1775-1844 Chine
83%
Julia Caesaris Femme de l'Antiquité 76-54 av. J.-C. Italie
80%
Ogura Yuki Peintre 1895-2000 Japon
70%
Nadia Comaneci Gymnaste 1961- Roumanie
69%
Eva Perón Actrice, Femme politique 1919-1952 Argentine
59%
Valentina Terechkova Scientifique, Femme politique 1937- Russie
59%
Ada Lovelace Scientifique 1815-1852 Royaume-Uni
56%
Malala Yousafzai Militante 1997- Pakistan
35%
Jessica Watson Navigatrice 1993- Australie
31%
Inge Lehmann Scientifique, Sismologue 1888-1993 Danemark
31%
Harriet Tubman Militante 1822-1913 États-Unis
30%
Ellen Johnson Sirleaf Femme politique, Présidente 1938- Libéria
15%
Maria Mutola Athlète 1972- Mozambique
13%
Teresa Carreño Pianiste 1853-1917 Venezuela
13%
Nziga Mbande Reine 1582-1663 Angola
11%
Huda Shaarawi Militante 1879-1947 Egypte
11%
La Gaitana Cheffe indigène XVIe siècle Colombie
6%
Lucia Moholy Photographe 1894-1989 République Tchèque
6%
Aucun quiz correspondant
Distribution des résultats
% des personnes avec chaque résultat
Percentile par nombre de réponses
Votre historique - résultats
Vous n’avez pas pris ce quiz